000 00643nam a22002057a 4500
003 OSt
005 20240625131248.0
008 240625b |||||||| |||| 00| 0 eng d
020 _a1844070581
040 _cMUST
082 _a338 LOP 2003
100 _4Lopes, Carlos
245 _aownership, Leadership and transformation
_b: can we do better for capacity development
260 _aNewyork
_b: Earthscan publication
_c, 2003
300 _axvi,354p
_b: ill
_c; 25 cm
504 _aincludes index
650 _2industry capacity- Developing countries
650 _2Economic development projects - developing countries
942 _2ddc
_cO_SHELF
999 _c8824
_d8824